00513nam a2200193 a 4500001001300000003000900013005001700022008004100039020000900080082001700089100001900106245001800125260004200143300000900185500003500194505005500229650001600284700001900300nice12345678IN_TiNIC20260116012140.0050524s1980 hyda grp 000 0 urd  ac1500a891.41bSAR2 aSaroosh, Matin aShula-E-Meena aHyderabadbDaira Electric Pressc1980 a152p aincludes index and biblioraphy2 aThesis Sub to the Faculty of the Hartford Seminary aUrdu-Poetry1 aSaroosh, Matin